| 000 | 00876nam a2200265Ia 4500 | ||
|---|---|---|---|
| 003 | OSt | ||
| 005 | 20220925195723.0 | ||
| 006 | a|||||r|||| 00| 0 | ||
| 007 | ta | ||
| 008 | 220923b |||||||| |||| 00| 0 eng d | ||
| 020 |
_a0226461009 _c979.30 |
||
| 037 |
_b1050/ _19.75, 27/04/2000, Efficient _cGeneral Book |
||
| 040 |
_aRTL _cRTL _beng |
||
| 041 |
_2eng _aeng |
||
| 082 | _aY16:425.7918.N9, N8 | ||
| 100 |
_aKulick Don _972841 |
||
| 245 | 0 |
_aTravesti _b Sex gender and culture among Brazilian trans genderd prostitutes |
|
| 260 |
_aChicago _bUniversity of Chicago Press _c1998 |
||
| 300 |
_axi,269p _ccm. |
||
| 490 | _aWorlds of Desire | ||
| 500 | _aBibliography: p 256-264 | ||
| 541 | _19.75, 27/04/2000, Efficient | ||
| 650 |
_aMen Sociology _9238037 |
||
| 942 |
_hY16:425.7918.N9, N8 _cGB _2CC |
||
| 999 |
_c534051 _d534051 |
||